XII Сильвестровские педагогические чтения. Духовность и нравственность в образовательном пространстве: глобальные вызовы современности и духовный выбор человека (Запись № 12736752)

Подробности
000 -МАРКЕР
контрольное поле 02542nam0a2200373 4500
001 - ИДЕНТИФИКАТОР ЗАПИСИ
контрольное поле RU\NLR\BIBL_A\022097850
005 - ИДЕНТИФИКАТОР ВЕРСИИ
контрольное поле 20260409075553.0
010 ## - МЕЖДУНАРОДНЫЙ СТАНДАРТНЫЙ НОМЕР КНИГИ (ISBN)
Номер (ISBN) 978-5-6049366-3-4
Тираж 100
035 ## - ДРУГИЕ СИСТЕМНЫЕ НОМЕРА
Идентификатор записи (RuMoRGB)012336562
035 ## - ДРУГИЕ СИСТЕМНЫЕ НОМЕРА
Идентификатор записи (NLR Aleph) 022097850
100 ## - ДАННЫЕ ОБЩЕЙ ОБРАБОТКИ
Данные общей обработки 20231215d2023 |||y0rusy50 ca
101 0# - ЯЗЫК РЕСУРСА
Язык текста, звукозаписи и т.д. русский
102 ## - СТРАНА ПУБЛИКАЦИИ ИЛИ ПРОИЗВОДСТВА
Страна публикации российская федерация
105 ## - ПОЛЕ КОДИРОВАННЫХ ДАННЫХ: ТЕКСТОВЫЕ МАТЕРИАЛЫ, МОНОГРАФИЧЕСКИЕ
Кодированные данные о монографическом текстовом документе a|||z|||100yy
181 #0 - ПОЛЕ КОДИРОВАННЫХ ДАННЫХ: ВИД СОДЕРЖАНИЯ
Код вида содержания (ISBD) i3
Код характеристики содержания (ISBD) axxe
182 #0 - ПОЛЕ КОДИРОВАННЫХ ДАННЫХ: ТИП СРЕДСТВА
Код типа средства (ISBD) n - непосредственное
200 1# - ЗАГЛАВИЕ И СВЕДЕНИЯ ОБ ОТВЕТСТВЕННОСТИ
Основное заглавие XII Сильвестровские педагогические чтения. Духовность и нравственность в образовательном пространстве: глобальные вызовы современности и духовный выбор человека
Сведения, относящиеся к заглавию материалы Всероссийской научной конференции, 30 марта 2023 года
Первые сведения об ответственности ОмГПУ, филиал (г. Тара)
Последующие сведения об ответственности ответственный редактор: О. Р. Каюмов, д.ф.-м.н., доцент
203 ## - ВИД СОДЕРЖАНИЯ И ТИП СРЕДСТВА
Вид содержания Текст
Дополнительные сведения об издании визуальный
Тип средства непосредственный
210 ## - ПУБЛИКАЦИЯ, РАСПРОСТРАНЕНИЕ И ДР.
Место издания, распространения и т.д. Омск
Имя издателя, распространителя и т. д. Амфора
Место издания, распространения и т.д. Тара
Имя издателя, распространителя и т. д. [б. и.]
Дата издания, распространения и т.д. 2023
215 ## - ФИЗИЧЕСКАЯ ХАРАКТЕРИСТИКА
Специфическое обозначение материала и объем 185, [1] с.
Другие сведения о физической характеристике ил., табл.
Размеры 21
320 ## - ПРИМЕЧАНИЯ О НАЛИЧИИ В ДОКУМЕНТЕ БИБЛИОГРАФИИ / УКАЗАТЕЛЯ
Текст примечания Библиогр. в конце ст.
532 10 - РАСШИРЕННОЕ ЗАГЛАВИЕ
Заглавие Двенадцатые Сильвестровские педагогические чтения. Духовность и нравственность в образовательном пространстве: глобальные вызовы современности и духовный выбор человека
606 ## - НАИМЕНОВАНИЕ ТЕМЫ КАК ПРЕДМЕТ
Наименование темы Учащиеся
Тематический подзаголовок Духовно-нравственное воспитание
Формальный подзаголовок Съезды, совещания и т.п
Идентификатор авторитетной/нормативной записи RU\NLR\AUTH\661472162
Системный номер авторитетной/нормативной записи 2479757
675 ## - УНИВЕРСАЛЬНАЯ ДЕСЯТИЧНАЯ КЛАССИФИКАЦИЯ (UDC/УДК)
Индекс 37.034(082)
Издание 4
686 1# - ИНДЕКСЫ ДРУГИХ КЛАССИФИКАЦИЙ
Индекс Ч313.52я431
702 #1 - ИМЯ ЛИЦА - ВТОРИЧНАЯ ОТВЕТСТВЕННОСТЬ
Код отношения Редактор
Начальный элемент ввода Каюмов
Часть имени, кроме начального элемента ввода О. Р.
Дополнения к именам, кроме дат д-р физ.-мат. наук, математика, экономика
Расширение инициалов личного имени Олег Рашидович
Системный номер авторитетной/нормативной записи 153389
Идентификатор авторитетной/нормативной записи RU\NLR\AUTH\770153427
711 12 - НАИМЕНОВАНИЕ ОРГАНИЗАЦИИ - АЛЬТЕРНАТИВНАЯ ОТВЕТСТВЕННОСТЬ
Начальный элемент ввода Сильвестровские педагогические чтения
Порядковый номер временной организации и / или порядковый номер ее части 11
Место проведения временной организации Тара
Дата проведения временной организации 2022
Системный номер авторитетной/нормативной записи 873515
Идентификатор авторитетной/нормативной записи RU\NLR\AUTH\880601664
712 02 - НАИМЕНОВАНИЕ ОРГАНИЗАЦИИ - ВТОРИЧНАЯ ОТВЕТСТВЕННОСТЬ
Код отношения Организатор конференции
Начальный элемент ввода Омский государственный педагогический университет
Структурное подразделение Тарский филиал
Идентификатор авторитетной/нормативной записи RU\NLR\AUTH\8810055371
Системный номер авторитетной/нормативной записи 611303
942 ## - ДОПОЛНИТЕЛЬНЫЕ ЭЛЕМЕНТЫ ЗАПИСИ (АБИС)
Тип экземпляра АБИС Книга
980 ## - КОЛЛЕКЦИЯ
Название коллекции Национальная библиография
Экземпляры
Тип экземпляра Дата поступления Источник поступления Стоимость Библиотека постоянного хранения Библиотека текущего хранения Место хранения Шифр хранения Штрих-код Статус не для выдачи
Книга 15.12.2023 Обязательный экземпляр 0.00 РНБ (Московский) РНБ (Московский) Русский книжный фонд: издания с 1957 года, 8этаж, Хран. 2023-3/26095 1-4430688  
Книга 15.12.2023 Обязательный экземпляр 0.00 РНБ (Московский) РНБ (Московский) Русский книжный фонд: издания с 1957 года, 8этаж, Хран. 2023-3/26095 1-4430687